000
00279nam a2200133Ia 4500
100
_a
Geol/ Mithal
942
_c
BK
654
_a
numerical
245
_a
Numerical Analysis
260
_b
Pragati Prakashan
_c
1997
082
_a
515
_b
GEO/MIT
300
_a
518
546
_a
ENGLISH
999
_c
20764
_d
20764